The Hobbit General Knowledge #1 - Statistics

General Stats
  • This quiz has been taken 2,479 times
    1,860 since last reset
  • The average score is 10 of 20
Answer Stats
Hint Answer % Correct
Dwarf named "Oakenshield" Thorin II
98%
Iconic Elf that appears in the movies, but not the book Legolas
79%
Great winged creatures that rescue the company from orcs Great Eagles
74%
Bilbo Baggin's house Bag End
71%
Wise Elf who reads the moonrunes on Thror's map Elrond
66%
"Important" item that Bilbo forgets at home (Movie) Handkerchief
65%
Forest where the company finds Spiders and Elves Mirkwood
64%
On Dwarven maps, North appears on which side? The Left Side
63%
Said to have the best eyesight of the 13 Dwarves Fili
62%
Dwarven holiday where the back door to Erebor gets revealed Durin's Day
59%
Actor who portrayed Bilbo Baggins Martin Freeman
58%
Voice of Smaug in the films Benedict Cumberbatch
57%
Skin-changer who accommodates the Dwarves Beorn
47%
Takes charge of Erebor after the Battle of the Five Armies Dáin II Ironfoot
41%
Gondolin-forged sword found in Trollshaws (Either) Beater/Glamdring
32%
Gondolin-forged sword found in Trollshaws (Either) Biter/Orcrist
29%
More colloquial name for Esgaroth Lake-Town
29%
The best chapter (Hint: Check my username) Riddles in the Dark
27%
Actor who created a popular audiobook of The Hobbit Andy Serkis
18%
Singular chapter in which the Battle of the Five Armies takes place The Clouds Burst
6%
No matching quizzes found
Score Distribution
Percent of People with Each Score
Percentile by Number Answered
Your Score History
You have not taken this quiz since the last reset